000 00813cab a2200253 4500
001 ABS54701
008 090401t1996 xxu||||| |||| 00| 0 eng d
035 _a(Sirsi) u11867
041 _aeng
100 _aBarnes, S.
245 _aLibrary stocked with sand
260 _c1996
350 _a0
490 _aChartered Builder
_v(28) March 1996, 5-6(2)
520 _aThe English Heritage Directory of Building Sands and Aggregates project aims to match historic mortars with appropriate sands and aggregates. The Directory will be published Autumn 1996.
650 _aAGGREGATES
650 _aBUILT ENVIRONMENT-BUILDING MATERIALS
650 _aMORTAR MIXES
650 _aMORTAR SANDS
690 _aBUILT ENVIRONMENT-BUILDING MATERIALS
690 _aCONSERVATION
942 _n0
948 _c04/03/1997
999 _c7584
_d7584